[Event "XVIII. DBMM Schach"]
[Site "Altenberg OT Zinnwald"]
[Date "2018.11.09"]
[Round "3.3"]
[White "Santos, Paulo"]
[Black "Meseck, Michael"]
[Result "1/2-1/2"]
[WhiteElo "1823"]
[BlackElo "1545"]
[Annotator "br"]
[PlyCount "110"]
[EventDate "2018.11.??"]
[EventType "team-swiss"]
[EventRounds "7"]
[EventCountry "GER"]
[SourceTitle "XVIII. DBMM 2018"]
[Source "FV Schach e.V."]
[SourceDate "2018.11.12"]
[SourceVersion "1"]
[SourceVersionDate "2018.11.12"]
[SourceQuality "1"]
[WhiteTeam "Europaeisches Patentamt Muenchen II"]
[BlackTeam "BA Tempelhof Berlin II"]
[WhiteTeamCountry "GER"]
[BlackTeamCountry "GER"]

1. e4 e5 2. Nf3 Nc6 3. Nc3 Nf6 4. Bb5 d6 5. h3 a6 6. Bxc6+ bxc6 7. O-O g6 8. d3
Bg7 9. Bg5 O-O 10. Qd2 Rb8 11. Rab1 Bb7 12. Bh6 Re8 13. Bxg7 Kxg7 14. Rfe1 Nh5
15. Ne2 d5 16. g4 Nf6 17. Ng3 d4 18. g5 Nd7 19. Nh2 f6 20. h4 fxg5 21. hxg5 Rf8
22. Rf1 c5 23. Ng4 Rf4 24. Nxe5 Rf8 25. Nxd7 Qxd7 26. Kg2 Qg4 27. f3 Qe6 28. c4
Rf7 29. Rf2 Rbf8 30. Rh1 Qe5 31. Rh4 Qe7 32. f4 Qe6 33. Kf1 Qc6 34. Ke1 Qa4 35.
b3 Qe8 36. f5 gxf5 37. Nxf5+ Rxf5 38. Rxf5 Rxf5 39. Qh2 Rxg5 40. Qxc7+ Kf6 41.
Rh6+ Rg6 42. Rxg6+ Qxg6 43. Qxb7 Qg3+ 44. Kd2 Qf2+ 45. Kd1 Qf1+ 46. Kd2 Qf2+
47. Kc1 Qxa2 48. Qxh7 Qa1+ 49. Kd2 Qb2+ 50. Kd1 Qxb3+ 51. Ke2 Qc2+ 52. Ke1 Qc3+
53. Ke2 Qc2+ 54. Ke1 Qc3+ 55. Ke2 Qc2+ 1/2-1/2

[Event "XVIII. DBMM Schach"]
[Site "Altenberg OT Zinnwald"]
[Date "2018.11.09"]
[Round "3.4"]
[White "Frahm, Werner"]
[Black "Achermann, Didier"]
[Result "0-1"]
[WhiteElo "1547"]
[BlackElo "1785"]
[Annotator "br"]
[PlyCount "76"]
[EventDate "2018.11.??"]
[EventType "team-swiss"]
[EventRounds "7"]
[EventCountry "GER"]
[SourceTitle "XVIII. DBMM 2018"]
[Source "FV Schach e.V."]
[SourceDate "2018.11.12"]
[SourceVersion "1"]
[SourceVersionDate "2018.11.12"]
[SourceQuality "1"]
[WhiteTeam "BA Tempelhof Berlin II"]
[BlackTeam "Europaeisches Patentamt Muenchen II"]
[WhiteTeamCountry "GER"]
[BlackTeamCountry "GER"]

1. Nf3 Nf6 2. g3 g6 3. Bg2 Bg7 4. O-O O-O 5. d4 d6 6. Nbd2 Nbd7 7. e4 e5 8. d5
a5 9. Ne1 Nc5 10. h3 b6 11. Nd3 Ba6 12. Qf3 Nxd3 13. cxd3 Nd7 14. Rd1 f5 15.
Nf1 Nc5 16. exf5 gxf5 17. Nh2 Qf6 18. Bf1 Qg6 19. Rb1 Rae8 20. b4 axb4 21. Rxb4
e4 22. dxe4 fxe4 23. Qg4 Qxg4 24. Nxg4 Bxf1 25. Kxf1 Nd3 26. Rc4 h5 27. Rxd3
exd3 28. Ne3 Rf7 29. Ng2 Re2 30. Nf4 Rxa2 31. Nxd3 Be5 32. f4 Bf6 33. g4 Bh4
34. f5 Rh2 35. Nf4 Bg5 36. Kg1 Bxf4 37. Rxf4 Rxh3 38. Kg2 Rc3 0-1

[Event "XVIII. DBMM Schach"]
[Site "Altenberg OT Zinnwald"]
[Date "2018.11.09"]
[Round "3.1"]
[White "Schleining, Zoya"]
[Black "Warnest, Stefan"]
[Result "1-0"]
[WhiteElo "2370"]
[BlackElo "1537"]
[Annotator "br"]
[PlyCount "41"]
[EventDate "2018.11.??"]
[EventType "team-swiss"]
[EventRounds "7"]
[EventCountry "GER"]
[SourceTitle "XVIII. DBMM 2018"]
[Source "FV Schach e.V."]
[SourceDate "2018.11.12"]
[SourceVersion "1"]
[SourceVersionDate "2018.11.12"]
[SourceQuality "1"]
[WhiteTeam "EFS Filtertechnik Erkrath"]
[BlackTeam "BA Tempelhof Berlin III"]
[WhiteTeamCountry "GER"]
[BlackTeamCountry "GER"]

1. d4 Nf6 2. Nf3 d5 3. c4 e6 4. Nc3 Nbd7 5. Bg5 Be7 6. e3 O-O 7. Qc2 h6 8. Bh4
c6 9. Rd1 Re8 10. a3 b6 11. cxd5 Nxd5 12. Bg3 Bb7 13. Bd3 N5f6 14. Ne5 Rc8 15.
O-O Bd6 16. Nxf7 Kxf7 17. Bxd6 Nf8 18. Bg3 Nd5 19. Ne4 Re7 20. Nd6+ Kg8 21.
Nxc8 1-0

[Event "XVIII. DBMM Schach"]
[Site "Altenberg OT Zinnwald"]
[Date "2018.11.09"]
[Round "3.2"]
[White "Kalkowski, Thomas"]
[Black "Hartig, Frank"]
[Result "0-1"]
[WhiteElo "1455"]
[BlackElo "2080"]
[Annotator "br"]
[PlyCount "64"]
[EventDate "2018.11.??"]
[EventType "team-swiss"]
[EventRounds "7"]
[EventCountry "GER"]
[SourceTitle "XVIII. DBMM 2018"]
[Source "FV Schach e.V."]
[SourceDate "2018.11.12"]
[SourceVersion "1"]
[SourceVersionDate "2018.11.12"]
[SourceQuality "1"]
[WhiteTeam "BA Tempelhof Berlin III"]
[BlackTeam "EFS Filtertechnik Erkrath"]
[WhiteTeamCountry "GER"]
[BlackTeamCountry "GER"]

1. e4 d5 2. exd5 Qxd5 3. Nc3 Qa5 4. d4 Nf6 5. Bd2 c6 6. Nf3 Bf5 7. Bc4 e6 8.
O-O Nbd7 9. Re1 Bb4 10. a3 Bxc3 11. Bxc3 Qc7 12. Bd3 Bxd3 13. Qxd3 O-O 14. Bd2
c5 15. dxc5 Nxc5 16. Qc3 Rac8 17. b4 Nce4 18. Qxc7 Rxc7 19. Rac1 Rfc8 20. Red1
h6 21. Be3 a6 22. Ne1 Rc3 23. Rd3 Nd5 24. Rxc3 Nexc3 25. Kf1 Nxe3+ 26. fxe3 Nd5
27. e4 Nc3 28. Kf2 Nxe4+ 29. Ke3 Nd6 30. Kd3 Nc4 31. Ra1 e5 32. Nf3 f5 0-1

[Event "XVIII. DBMM Schach"]
[Site "Altenberg OT Zinnwald"]
[Date "2018.11.09"]
[Round "3.3"]
[White "Hammes, Frank"]
[Black "Quast, Michael"]
[Result "1/2-1/2"]
[WhiteElo "2118"]
[BlackElo "1801"]
[Annotator "br"]
[PlyCount "28"]
[EventDate "2018.11.??"]
[EventType "team-swiss"]
[EventRounds "7"]
[EventCountry "GER"]
[SourceTitle "XVIII. DBMM 2018"]
[Source "FV Schach e.V."]
[SourceDate "2018.11.12"]
[SourceVersion "1"]
[SourceVersionDate "2018.11.12"]
[SourceQuality "1"]
[WhiteTeam "EFS Filtertechnik Erkrath"]
[BlackTeam "BA Tempelhof Berlin III"]
[WhiteTeamCountry "GER"]
[BlackTeamCountry "GER"]

1. Nf3 b6 2. d4 Bb7 3. c4 e6 4. Nc3 Bb4 5. e3 f5 6. Qb3 a5 7. a3 a4 8. Qc2
Bxc3+ 9. Qxc3 Nf6 10. Bd3 O-O 11. Bd2 Nc6 12. d5 Na5 13. dxe6 dxe6 14. Rd1 Qe8
1/2-1/2

[Event "XVIII. DBMM Schach"]
[Site "Altenberg OT Zinnwald"]
[Date "2018.11.09"]
[Round "3.4"]
[White "Mahler, Sonja"]
[Black "Juziak, Peter"]
[Result "0-1"]
[WhiteElo "1492"]
[BlackElo "2054"]
[Annotator "br"]
[PlyCount "50"]
[EventDate "2018.11.??"]
[EventType "team-swiss"]
[EventRounds "7"]
[EventCountry "GER"]
[SourceTitle "XVIII. DBMM 2018"]
[Source "FV Schach e.V."]
[SourceDate "2018.11.12"]
[SourceVersion "1"]
[SourceVersionDate "2018.11.12"]
[SourceQuality "1"]
[WhiteTeam "BA Tempelhof Berlin III"]
[BlackTeam "EFS Filtertechnik Erkrath"]
[WhiteTeamCountry "GER"]
[BlackTeamCountry "GER"]

1. d4 c5 2. d5 Nf6 3. c3 g6 4. a4 Bg7 5. Bf4 O-O 6. Na3 b6 7. d6 Nc6 8. Nb5 e5
9. Bg5 h6 10. Bh4 g5 11. Bg3 Bb7 12. e3 Ne4 13. Bd3 Nxg3 14. hxg3 f5 15. Bc4+
Kh7 16. g4 e4 17. Nh3 Ne5 18. Nxg5+ Qxg5 19. Be2 fxg4 20. Nc7 Rac8 21. a5 c4
22. Ra4 Nd3+ 23. Kd2 b5 24. Rb4 Nxb4 25. cxb4 Rxf2 0-1

[Event "XVIII. DBMM Schach"]
[Site "Altenberg OT Zinnwald"]
[Date "2018.11.09"]
[Round "3.1"]
[White "Bangert, Udo"]
[Black "Tangermann, Erhard"]
[Result "1/2-1/2"]
[WhiteElo "1893"]
[BlackElo "1741"]
[Annotator "br"]
[PlyCount "40"]
[EventDate "2018.11.??"]
[EventType "team-swiss"]
[EventRounds "7"]
[EventCountry "GER"]
[SourceTitle "XVIII. DBMM 2018"]
[Source "FV Schach e.V."]
[SourceDate "2018.11.12"]
[SourceVersion "1"]
[SourceVersionDate "2018.11.12"]
[SourceQuality "1"]
[WhiteTeam "SG Stern Stuttgart"]
[BlackTeam "Stern Ludwigsfelde"]
[WhiteTeamCountry "GER"]
[BlackTeamCountry "GER"]

1. d4 f5 2. Nf3 g6 3. g3 Nf6 4. Bg2 Bg7 5. O-O d6 6. c4 O-O 7. Nc3 Qe8 8. Re1
c6 9. Bf4 Nh5 10. Bd2 e5 11. dxe5 dxe5 12. e3 Na6 13. Bf1 h6 14. Be2 Nf6 15.
Qc2 Nc5 16. Rad1 g5 17. Kg2 Nfe4 18. Kf1 a5 19. Ng1 Be6 20. f3 Nxd2+ 1/2-1/2

[Event "XVIII. DBMM Schach"]
[Site "Altenberg OT Zinnwald"]
[Date "2018.11.09"]
[Round "3.2"]
[White "Grandt, Bernd"]
[Black "Wepfer, Bernd"]
[Result "1/2-1/2"]
[WhiteElo "1978"]
[BlackElo "1831"]
[Annotator "br"]
[PlyCount "37"]
[EventDate "2018.11.??"]
[EventType "team-swiss"]
[EventRounds "7"]
[EventCountry "GER"]
[SourceTitle "XVIII. DBMM 2018"]
[Source "FV Schach e.V."]
[SourceDate "2018.11.12"]
[SourceVersion "1"]
[SourceVersionDate "2018.11.12"]
[SourceQuality "1"]
[WhiteTeam "Stern Ludwigsfelde"]
[BlackTeam "SG Stern Stuttgart"]
[WhiteTeamCountry "GER"]
[BlackTeamCountry "GER"]

1. d4 Nf6 2. c4 g6 3. Nc3 Bg7 4. Nf3 O-O 5. e4 d6 6. Be2 e5 7. dxe5 dxe5 8.
Qxd8 Rxd8 9. Bg5 Re8 10. O-O-O Na6 11. Ne1 Nc5 12. f3 c6 13. Nc2 a5 14. Be3 Bf8
15. Rd2 Be6 16. g4 Red8 17. Rhd1 Rd7 18. Ne1 Rad8 19. Rxd7 1/2-1/2

[Event "XVIII. DBMM Schach"]
[Site "Altenberg OT Zinnwald"]
[Date "2018.11.09"]
[Round "3.3"]
[White "Molzan, Andreas"]
[Black "Meyer, Jens Uwe"]
[Result "0-1"]
[WhiteElo "1256"]
[BlackElo "1896"]
[Annotator "br"]
[PlyCount "45"]
[EventDate "2018.11.??"]
[EventType "team-swiss"]
[EventRounds "7"]
[EventCountry "GER"]
[SourceTitle "XVIII. DBMM 2018"]
[Source "FV Schach e.V."]
[SourceDate "2018.11.12"]
[SourceVersion "1"]
[SourceVersionDate "2018.11.12"]
[SourceQuality "1"]
[WhiteTeam "SG Stern Stuttgart"]
[BlackTeam "Stern Ludwigsfelde"]
[WhiteTeamCountry "GER"]
[BlackTeamCountry "GER"]

1. e4 d5 2. exd5 Qxd5 3. Nc3 Qa5 4. d4 Nf6 5. Nf3 c6 6. Be3 Bg4 7. h3 Bh5 8.
Bd3 e6 9. Qd2 Qc7 10. O-O-O Nbd7 11. a3 O-O-O 12. g4 Bg6 13. Bg5 Bxd3 14. Qxd3
h6 15. Bh4 Bd6 16. Rhg1 Bf4+ 17. Kb1 Rhe8 18. Bg3 Bxg3 19. fxg3 e5 20. dxe5
Nxe5 21. Qf1 Rxd1+ 22. Nxd1 Nd5 23. Nxe5 0-1

[Event "XVIII. DBMM Schach"]
[Site "Altenberg OT Zinnwald"]
[Date "2018.11.09"]
[Round "3.4"]
[White "Junker, Carsten"]
[Black "Salomon, Hendrik"]
[Result "0-1"]
[WhiteElo "1774"]
[BlackElo "1300"]
[Annotator "br"]
[PlyCount "58"]
[EventDate "2018.11.??"]
[EventType "team-swiss"]
[EventRounds "7"]
[EventCountry "GER"]
[SourceTitle "XVIII. DBMM 2018"]
[Source "FV Schach e.V."]
[SourceDate "2018.11.12"]
[SourceVersion "1"]
[SourceVersionDate "2018.11.12"]
[SourceQuality "1"]
[WhiteTeam "Stern Ludwigsfelde"]
[BlackTeam "SG Stern Stuttgart"]
[WhiteTeamCountry "GER"]
[BlackTeamCountry "GER"]

1. a3 e5 2. d4 exd4 3. Nf3 c5 4. e3 dxe3 5. Bxe3 Nf6 6. Qe2 Be7 7. Bxc5 Nc6 8.
Bxe7 Nxe7 9. g3 O-O 10. Bg2 b6 11. Nd4 Rb8 12. O-O Re8 13. Nc3 Nc6 14. Qd2 Bb7
15. Nf5 Ne5 16. Bxb7 Rxb7 17. f4 Nc4 18. Qd4 d5 19. b3 Na5 20. Rfe1 Rxe1+ 21.
Rxe1 Rd7 22. Qa4 g6 23. Nd4 Re7 24. Rd1 Ne4 25. Nde2 Qc7 26. Nxd5 Qc5+ 27. Qd4
Qxd4+ 28. Rxd4 Rd7 29. Ne7+ Rxe7 0-1

[Event "XVIII. DBMM Schach"]
[Site "Altenberg OT Zinnwald"]
[Date "2018.11.09"]
[Round "3.1"]
[White "Wolf, Wilfried"]
[Black "Bruening, Martin"]
[Result "1/2-1/2"]
[WhiteElo "1515"]
[BlackElo "1772"]
[Annotator "br"]
[PlyCount "64"]
[EventDate "2018.11.??"]
[EventType "team-swiss"]
[EventRounds "7"]
[EventCountry "GER"]
[SourceTitle "XVIII. DBMM 2018"]
[Source "FV Schach e.V."]
[SourceDate "2018.11.12"]
[SourceVersion "1"]
[SourceVersionDate "2018.11.12"]
[SourceQuality "1"]
[WhiteTeam "BA Tempelhof Berlin IV"]
[BlackTeam "SG Airbus Bremen"]
[WhiteTeamCountry "GER"]
[BlackTeamCountry "GER"]

1. e4 c6 2. Nf3 d5 3. exd5 cxd5 4. d4 Nc6 5. Be2 Bg4 6. c3 e6 7. Bf4 Nf6 8. h3
Bh5 9. Nbd2 Bd6 10. Bxd6 Qxd6 11. O-O O-O 12. Bd3 Rab8 13. Qc2 b5 14. a3 a5 15.
Rfe1 Rfc8 16. Qd1 b4 17. axb4 axb4 18. Qe2 bxc3 19. bxc3 Rb2 20. Qe3 Bxf3 21.
Nxf3 Rcb8 22. Ne5 Qc7 23. Nxc6 Qxc6 24. Rec1 R2b3 25. c4 dxc4 26. Rxc4 Qd6 27.
Rac1 Qd8 28. R4c3 Rxc3 29. Rxc3 Rc8 30. Qc1 Rxc3 31. Qxc3 Nd5 32. Qc5 Qc7
1/2-1/2

[Event "XVIII. DBMM Schach"]
[Site "Altenberg OT Zinnwald"]
[Date "2018.11.09"]
[Round "3.2"]
[White "Jacobsen, Ruediger"]
[Black "Schneider, Eckehard"]
[Result "0-1"]
[WhiteElo "1466"]
[BlackElo "1733"]
[Annotator "br"]
[PlyCount "74"]
[EventDate "2018.11.??"]
[EventType "team-swiss"]
[EventRounds "7"]
[EventCountry "GER"]
[SourceTitle "XVIII. DBMM 2018"]
[Source "FV Schach e.V."]
[SourceDate "2018.11.12"]
[SourceVersion "1"]
[SourceVersionDate "2018.11.12"]
[SourceQuality "1"]
[WhiteTeam "SG Airbus Bremen"]
[BlackTeam "BA Tempelhof Berlin IV"]
[WhiteTeamCountry "GER"]
[BlackTeamCountry "GER"]

1. e4 e6 2. Nc3 d5 3. d3 c5 4. e5 Nc6 5. f4 a6 6. Nf3 b5 7. Ne2 Be7 8. c3 Nh6
9. Ng3 O-O 10. Be2 Qb6 11. O-O Bb7 12. Qe1 c4+ 13. d4 b4 14. f5 bxc3 15. bxc3
Ng4 16. f6 gxf6 17. h3 Ngxe5 18. Bh6 Rfe8 19. Nh5 Ng6 20. Qf2 e5 21. Kh1 exd4
22. Nxd4 Nxd4 23. Rab1 Qe6 24. cxd4 Bc8 25. Rbe1 Qd6 26. Bd1 Bd7 27. Bg5 f5 28.
Bf4 Nxf4 29. Nxf4 Bf6 30. Qg3+ Bg7 31. Bc2 Kh8 32. Qc3 Bh6 33. Ne2 Re3 34. Qa1
Rae8 35. Nc3 Qg3 36. Rxe3 Rxe3 37. Nxd5 Re2 0-1

[Event "XVIII. DBMM Schach"]
[Site "Altenberg OT Zinnwald"]
[Date "2018.11.09"]
[Round "3.3"]
[White "Mueller, Stefan"]
[Black "Hueners, Rolf"]
[Result "1-0"]
[WhiteElo "1786"]
[BlackElo "1400"]
[Annotator "br"]
[PlyCount "59"]
[EventDate "2018.11.??"]
[EventType "team-swiss"]
[EventRounds "7"]
[EventCountry "GER"]
[SourceTitle "XVIII. DBMM 2018"]
[Source "FV Schach e.V."]
[SourceDate "2018.11.12"]
[SourceVersion "1"]
[SourceVersionDate "2018.11.12"]
[SourceQuality "1"]
[WhiteTeam "BA Tempelhof Berlin IV"]
[BlackTeam "SG Airbus Bremen"]
[WhiteTeamCountry "GER"]
[BlackTeamCountry "GER"]

1. d4 Nf6 2. Nf3 g6 3. Bf4 d6 4. Nc3 Bg7 5. e4 O-O 6. Bc4 Bg4 7. Qd2 Bxf3 8.
gxf3 Nh5 9. Bh6 e6 10. O-O-O Qf6 11. Bxg7 Qxg7 12. f4 Nc6 13. d5 Nd8 14. f5
exf5 15. exf5 Qe5 16. Bd3 Qf4 17. Rhe1 a6 18. Re3 c5 19. Qe2 b5 20. Kb1 c4 21.
Be4 Nb7 22. Bf3 Qxf5 23. Bxh5 gxh5 24. Rg1+ Kh8 25. Reg3 Qe5 26. Qd2 h4 27. Rg5
Qxh2 28. Qd4+ f6 29. Rg8+ Rxg8 30. Qxf6+ 1-0

[Event "XVIII. DBMM Schach"]
[Site "Altenberg OT Zinnwald"]
[Date "2018.11.09"]
[Round "3.4"]
[White "Waltz, Juergen"]
[Black "Dankovic, Oliver"]
[Result "0-1"]
[WhiteElo "1400"]
[BlackElo "1338"]
[Annotator "br"]
[PlyCount "48"]
[EventDate "2018.11.??"]
[EventType "team-swiss"]
[EventRounds "7"]
[EventCountry "GER"]
[SourceTitle "XVIII. DBMM 2018"]
[Source "FV Schach e.V."]
[SourceDate "2018.11.12"]
[SourceVersion "1"]
[SourceVersionDate "2018.11.12"]
[SourceQuality "1"]
[WhiteTeam "SG Airbus Bremen"]
[BlackTeam "BA Tempelhof Berlin IV"]
[WhiteTeamCountry "GER"]
[BlackTeamCountry "GER"]

1. b3 e5 2. Bb2 Nc6 3. e3 a6 4. Nf3 d6 5. h3 g6 6. d4 Bg7 7. c4 Nh6 8. d5 Ne7
9. e4 O-O 10. Be2 c6 11. Nc3 f5 12. Ng5 Nf7 13. Ne6 Bxe6 14. dxe6 Ng5 15. h4
Nxe6 16. exf5 Nxf5 17. Ne4 d5 18. Ng5 Nxg5 19. hxg5 Qxg5 20. g4 Nd4 21. cxd5
cxd5 22. Bc1 Qd8 23. Rh3 Nxe2 24. Qxe2 e4 0-1

[Event "XVIII. DBMM Schach"]
[Site "Altenberg OT Zinnwald"]
[Date "2018.11.09"]
[Round "4.1"]
[White "Gohil, Harry"]
[Black "Segerberg, Tomas"]
[Result "1-0"]
[WhiteElo "2229"]
[BlackElo "2028"]
[Annotator "br"]
[PlyCount "95"]
[EventDate "2018.11.??"]
[EventType "team-swiss"]
[EventRounds "7"]
[EventCountry "GER"]
[SourceTitle "XVIII. DBMM 2018"]
[Source "FV Schach e.V."]
[SourceDate "2018.11.12"]
[SourceVersion "1"]
[SourceVersionDate "2018.11.12"]
[SourceQuality "1"]
[WhiteTeam "BSG Commerzbank Frankfurt"]
[BlackTeam "Europaeisches Patentamt Muenchen"]
[WhiteTeamCountry "GER"]
[BlackTeamCountry "GER"]

1. d4 e6 2. Nf3 Nf6 3. e3 b6 4. Bd3 Bb7 5. Nbd2 d5 6. b3 Nbd7 7. Bb2 Be7 8. O-O
O-O 9. Ne5 Nxe5 10. dxe5 Nd7 11. Qh5 g6 12. Qh6 Re8 13. f4 Bf8 14. Qh3 Nc5 15.
Nf3 Nxd3 16. cxd3 Bg7 17. g4 Bc8 18. Qg3 c5 19. Kf2 a5 20. h4 Ra7 21. h5 c4 22.
dxc4 dxc4 23. bxc4 Qd3 24. Rac1 Rd7 25. Bd4 Bb7 26. Rc3 Qe4 27. Nd2 Qc6 28. Rb1
Qa4 29. a3 Bf8 30. Ke2 Bc5 31. Bxc5 bxc5 32. Rbb3 Red8 33. Rd3 Rxd3 34. Rxd3
Rxd3 35. Kxd3 Qxa3+ 36. Ke2 Qa4 37. Qh4 Qe8 38. Nb3 a4 39. Nxc5 a3 40. Nxb7 a2
41. Nd6 Qa8 42. Qe7 a1=Q 43. Qxf7+ Kh8 44. Qf6+ Kg8 45. Qxe6+ Kh8 46. Nf7+ Kg7
47. Qf6+ Kf8 48. Ng5+ 1-0

[Event "XVIII. DBMM Schach"]
[Site "Altenberg OT Zinnwald"]
[Date "2018.11.09"]
[Round "4.2"]
[White "Bohnhoff, Peter"]
[Black "Hilbig, Olaf"]
[Result "1-0"]
[WhiteElo "2065"]
[BlackElo "2167"]
[Annotator "br"]
[PlyCount "79"]
[EventDate "2018.11.??"]
[EventType "team-swiss"]
[EventRounds "7"]
[EventCountry "GER"]
[SourceTitle "XVIII. DBMM 2018"]
[Source "FV Schach e.V."]
[SourceDate "2018.11.12"]
[SourceVersion "1"]
[SourceVersionDate "2018.11.12"]
[SourceQuality "1"]
[WhiteTeam "Europaeisches Patentamt Muenchen"]
[BlackTeam "BSG Commerzbank Frankfurt"]
[WhiteTeamCountry "GER"]
[BlackTeamCountry "GER"]

1. d4 Nf6 2. Nf3 d6 3. c4 g6 4. Nc3 Bg7 5. Bg5 h6 6. Bh4 O-O 7. e3 Nbd7 8. Be2
c5 9. Qc2 cxd4 10. Nxd4 a6 11. O-O Qc7 12. Rac1 Re8 13. Rfd1 b6 14. Bf3 Bb7 15.
Bxb7 Qxb7 16. Qe2 Rac8 17. h3 Ne5 18. b3 Ne4 19. Nxe4 Qxe4 20. Bg3 Nc6 21. Nxc6
Rxc6 22. f3 Qe6 23. e4 Rec8 24. Bf4 f5 25. Qd2 g5 26. exf5 Qxf5 27. Be3 b5 28.
cxb5 Rxc1 29. Rxc1 Rxc1+ 30. Qxc1 axb5 31. a4 bxa4 32. bxa4 Qa5 33. Qd1 d5 34.
g4 Be5 35. Qd2 Bc3 36. Qd3 Bg7 37. Kg2 e6 38. Qg6 Qxa4 39. Qxe6+ Kf8 40. Bc5#
1-0

[Event "XVIII. DBMM Schach"]
[Site "Altenberg OT Zinnwald"]
[Date "2018.11.09"]
[Round "4.3"]
[White "Brauer, Frank"]
[Black "Dekker, Derk"]
[Result "1/2-1/2"]
[WhiteElo "1791"]
[BlackElo "1855"]
[Annotator "br"]
[PlyCount "68"]
[EventDate "2018.11.??"]
[EventType "team-swiss"]
[EventRounds "7"]
[EventCountry "GER"]
[SourceTitle "XVIII. DBMM 2018"]
[Source "FV Schach e.V."]
[SourceDate "2018.11.12"]
[SourceVersion "1"]
[SourceVersionDate "2018.11.12"]
[SourceQuality "1"]
[WhiteTeam "BSG Commerzbank Frankfurt"]
[BlackTeam "Europaeisches Patentamt Muenchen"]
[WhiteTeamCountry "GER"]
[BlackTeamCountry "GER"]

1. e4 e5 2. Nf3 Nc6 3. Bb5 Nf6 4. d3 Bc5 5. O-O d6 6. c3 Bb6 7. Nbd2 a6 8. Ba4
Bd7 9. h3 Ne7 10. Re1 O-O 11. Bc2 Ng6 12. Nf1 c6 13. Ng3 Re8 14. Be3 Bc7 15. d4
h6 16. a3 b5 17. Qd2 Kh7 18. Bb3 Be6 19. Bxe6 fxe6 20. dxe5 $11 dxe5 21. Rad1
Qe7 22. b4 Rad8 23. Qc2 Nd7 24. c4 Nb6 25. Bc5 Qf7 26. cxb5 cxb5 27. Bxb6 Bxb6
28. Qc6 Qa7 29. Qc2 Rc8 30. Qb2 Rc4 31. Re2 Rf8 32. Red2 Rf7 33. Rd6 Rfc7 34.
R1d2 Re7 1/2-1/2

[Event "XVIII. DBMM Schach"]
[Site "Altenberg OT Zinnwald"]
[Date "2018.11.09"]
[Round "4.4"]
[White "Brendemuehl, Bernd"]
[Black "Huebner, Detlef"]
[Result "1/2-1/2"]
[WhiteElo "1886"]
[BlackElo "1513"]
[Annotator "br"]
[PlyCount "36"]
[EventDate "2018.11.??"]
[EventType "team-swiss"]
[EventRounds "7"]
[EventCountry "GER"]
[SourceTitle "XVIII. DBMM 2018"]
[Source "FV Schach e.V."]
[SourceDate "2018.11.12"]
[SourceVersion "1"]
[SourceVersionDate "2018.11.12"]
[SourceQuality "1"]
[WhiteTeam "Europaeisches Patentamt Muenchen"]
[BlackTeam "BSG Commerzbank Frankfurt"]
[WhiteTeamCountry "GER"]
[BlackTeamCountry "GER"]

1. e4 c6 2. d4 d5 3. Nc3 dxe4 4. Nxe4 Nd7 5. Nf3 Ngf6 6. Ng3 e6 7. Bd3 Bd6 8.
O-O O-O 9. Re1 Re8 10. Ne5 Qc7 11. Bf4 c5 12. c3 b6 13. Rc1 Nf8 14. Qe2 Ng6 15.
Nxg6 hxg6 16. Bxd6 Qxd6 17. dxc5 Qxc5 18. Ne4 Nxe4 1/2-1/2

[Event "XVIII. DBMM Schach"]
[Site "Altenberg OT Zinnwald"]
[Date "2018.11.09"]
[Round "4.1"]
[White "Jordan, Dirk"]
[Black "Hohlfeld, Wolfgang"]
[Result "1-0"]
[WhiteElo "2188"]
[BlackElo "2056"]
[Annotator "br"]
[PlyCount "57"]
[EventDate "2018.11.??"]
[EventType "team-swiss"]
[EventRounds "7"]
[EventCountry "GER"]
[SourceTitle "XVIII. DBMM 2018"]
[Source "FV Schach e.V."]
[SourceDate "2018.11.12"]
[SourceVersion "1"]
[SourceVersionDate "2018.11.12"]
[SourceQuality "1"]
[WhiteTeam "Dresdner Schachfestival"]
[BlackTeam "Baubehoerde Hamburg"]
[WhiteTeamCountry "GER"]
[BlackTeamCountry "GER"]

1. d4 d5 2. Bg5 c6 3. e3 Qb6 4. b3 Bf5 5. Nf3 e6 6. Bd3 Bxd3 7. Qxd3 Nd7 8. O-O
Be7 9. Bf4 Ngf6 10. c4 c5 11. Nc3 cxd4 12. exd4 O-O 13. c5 Qd8 14. h3 a6 15. b4
Nb8 16. a4 Nc6 17. Rfb1 a5 18. b5 Nb4 19. Qe2 Nd7 20. Na2 Nxa2 21. Rxa2 e5 22.
Nxe5 Nxe5 23. Bxe5 Re8 24. Qg4 f6 25. Bg3 Qc8 26. Qf3 Qd7 27. Re2 Rf8 28. Rbe1
Rf7 29. Re6 1-0

[Event "XVIII. DBMM Schach"]
[Site "Altenberg OT Zinnwald"]
[Date "2018.11.09"]
[Round "4.2"]
[White "Hein, Ralf"]
[Black "Poenisch, Egmont"]
[Result "1/2-1/2"]
[WhiteElo "2053"]
[BlackElo "2145"]
[Annotator "br"]
[PlyCount "28"]
[EventDate "2018.11.??"]
[EventType "team-swiss"]
[EventRounds "7"]
[EventCountry "GER"]
[SourceTitle "XVIII. DBMM 2018"]
[Source "FV Schach e.V."]
[SourceDate "2018.11.12"]
[SourceVersion "1"]
[SourceVersionDate "2018.11.12"]
[SourceQuality "1"]
[WhiteTeam "Baubehoerde Hamburg"]
[BlackTeam "Dresdner Schachfestival"]
[WhiteTeamCountry "GER"]
[BlackTeamCountry "GER"]

1. c4 d6 2. Nc3 g6 3. g3 Bg7 4. Bg2 c5 5. d3 Nf6 6. e4 Nc6 7. Nge2 O-O 8. O-O
Rb8 9. f4 Bg4 10. h3 Bxe2 11. Nxe2 Nd7 12. Rb1 Nd4 13. g4 b5 14. b3 Qa5 1/2-1/2